| 000 | 00511nam a2200181Ia 4500 | ||
|---|---|---|---|
| 005 | 20250923144639.0 | ||
| 008 | 008 250917s9999 xx 000 0 eng d | ||
| 037 | _aTextual | ||
| 040 |
_aDSWL _beng _cDSWL |
||
| 041 |
_aeng _2eng |
||
| 084 |
_aWz75, H1 _qDSWL |
||
| 245 | 0 |
_aIntroduction to politics _cEd. by R.Y. Peel |
|
| 260 |
_aNew York _b Thomas Y. Crowels Co. _c1941 |
||
| 300 | _axvi,587p. | ||
| 700 |
_aEd.J.S. Roucer _9826970 |
||
| 942 |
_cTEXL _hWz75, H1 |
||
| 999 |
_c1441589 _d1441589 |
||